• 首页
  • 本馆介绍
  • 公告通知
  • 最新文献
  • 馆藏检索
  • 电子资源
  • 读者导购
  • 参考咨询
  • 我的图书馆
  • 登录
  • 详细信息显示
  • 放入我的书架
  • 预约/预借图书
  • 作者相关作品
  • 分类相关作品
  • 丛书相关作品
  • 出版社相关作品

书目信息

  • 表格格式
  • 工作单格式
  • 卡片格式
题名:
晶体工艺学
    
 
作者: Bond , 邦德 著 ;冯永全 译
分册:  
出版信息: 北京   国防工业出版社  1982
页数: 286页
开本: 21cm
丛书名:
单 册:
中图分类: O71
科图分类:
主题词: 晶体-工艺学 , 工艺学-晶体 , 几何晶体学
电子资源:
ISBN:
000 00814nam0 2200301 45
001 0182005660
005 20061121100703.57
010    @dCNY1.15
091    @aCN@b15034.2268
100    @a19950623d1982 emky0chiy0121 ea
101 1  @achi@ceng
102    @aCN@b110000
105    @ay z 000yy
200 10 @a晶体工艺学@Ajing ti gong yi xue@f(美)邦德(W.L. Bond)著@g冯永全译
210    @a北京@c国防工业出版社@d1982
215    @a286页@d21cm
300    @a书名原文:Crystal Technology
510 1  @aCrystal Technology@zeng
606    @a晶体-工艺学
606    @a工艺学-晶体
606 0  @a几何晶体学
690    @aO71@v3
701 A1 @aBond@bW.L.@4著
701  1 @a邦德@Abang de@bW.L.@4著
702  0 @a冯永全@Afeng yong quan@4译
801  2 @aCN@bNLC@c20061121
801  0 @aCN@bTSSF
905    @a10447@dO71@e3
    
    晶体工艺学/(美)邦德(W.L. Bond)著/冯永全译.-北京:国防工业出版社,1982
    286页;21cm
    书名原文:Crystal Technology
    
    ISBN :CNY1.15
    
●
相关链接 在E读中查询图书 在五车中查询图书 在当当中查询图书 在豆瓣中查询图书


正题名:晶体工艺学     索取号:O71/3         预约/预借

序号 登录号 条形码 馆藏地/架位号 状态 备注
1 0064427   000627352   第二样本阅览室/ [索取号:O71/3] 在馆    
唐山师范学院图书馆 欢迎您!
大连网信软件有限公司© 版权所有